000
00312nam a22001337a 4500
008
181205b xxu||||| |||| 00| 0 eng d
020
_a
9780393935813
041
_a
eng
080
_a
371
100
_a
46
101
_a
EDU
245
_a
The Little Seagull Handbook with excercise
_c
Bullock,R
942
_2
udc
_c
BK
999
_c
52895
_d
52895